00484nam a2200181Ia 450000500170000000800410001702000100005804000190006804100120008708200170009910000170011624500330013326000460016630000160021250400500022865000140027885000100029220230510102159.0131103s9999 xx 000 0 und d cRs.25 aLoreto College aEnglish a330.092bSIL aSilk,Leonard 4aThe economistscLeonard Silk aNew DelhibPrentice - Hall of Indiac1977 axii,294 p.  aIncludes bibliographical references and index aEconomics aLCLIB